000 00911nam a2200205 a 4500
001 000044584
005 20201002045459.0
008 140718s2008 bl a 000 0 spa d
020 _a9788539300518
040 _aDO-SdBNP
_bspa
_cBNPHU
082 _axxxx
_bxxxx
245 0 0 _aImpresso no Brasil :
_bdois séculos de livros brasileiros /
_cAníbal Bragança, Márcia Abreu, organizadores.
260 _aSao Paulo :
_bUNESP,
_bMinistério da Cultura, Fundacção Biblioteca Nacional,
_c2008.
300 _a663 p. :
_bil. ;
_c24 cm.
505 0 _gPt. I.
_tUma nova história editorial brasileira : editores, tipógrafos e livreiros --
_gpt. II.
_tCultura letrada no Brasil : autores, lelitores e leituras.
504 _aBibliografía : p. 615-654
500 _aIncluye referencias bibliográficas y notas al pie de las páginas
700 1 2 _aBragança, Aníba
_eorgs.
_972612
700 1 2 _aAbreu, Márcia
_eorgs.
_972613
999 _c44073
_d44073